ELT documents 105 : The use of the media in English language teaching
Book cover skills to use of the media in English language teaching
שמור ב:
| פורמט: | ספר |
|---|---|
| שפה: | Undetermined |
| יצא לאור: |
London
British Council
1979
|
| נושאים: | |
| תגים: |
הוספת תג
אין תגיות, היה/י הראשונ/ה לתייג את הרשומה!
|
| Thư viện lưu trữ: | Trung tâm Học liệu Trường Đại học Cần Thơ |
|---|
| LEADER | 00616nam a2200193Ia 4500 | ||
|---|---|---|---|
| 001 | CTU_29071 | ||
| 008 | 210402s9999 xx 000 0 und d | ||
| 082 | |a 407 | ||
| 082 | |b E58 | ||
| 245 | 0 | |a ELT documents 105 : | |
| 245 | 4 | |b The use of the media in English language teaching | |
| 260 | |a London | ||
| 260 | |b British Council | ||
| 260 | |c 1979 | ||
| 520 | |a Book cover skills to use of the media in English language teaching | ||
| 650 | |a English language,Language and languages | ||
| 650 | |x Study and teaching,Study and teaching | ||
| 904 | |i Minh | ||
| 980 | |a Trung tâm Học liệu Trường Đại học Cần Thơ | ||